#1 Singles - Sudden Death - Statistics

General Stats
  • This quiz has been taken 2,965 times
    2,964 since last reset
  • The average score is 2 of 14
Answers on the Grid
Answers color-coded by a green-red scale on the quiz's grid according to % correct below.
All I Want For Christmas Is You
Super Bass
Wrecking Ball
Baby
WAP
Bohemian Rhapsody
I Have Nothing
Smells Like Teen Spirit
Bad Romance
7 rings
Not Like Us
Radioactive
God's Plan
Thriller
Eye of the Tiger
Till I Collapse
Viva la Vida
Fireflies
Livin' on a Prayer
Counting Stars
Dance Monkey
All About That Bass
Pon de Replay
Starships
Rolling In The Deep
Firework
Moves Like Jagger
I Want It That Way
 
Answer Stats
Answer % Correct
All I Want For Christmas Is You
32%
God's Plan
22%
Not Like Us
22%
Wrecking Ball
20%
7 rings
19%
Rolling In The Deep
19%
Viva la Vida
19%
Moves Like Jagger
17%
WAP
16%
Firework
15%
Eye of the Tiger
14%
Livin' on a Prayer
13%
All About That Bass
12%
Fireflies
7%
No matching quizzes found
Score Distribution
Percent of People with Each Score
Percentile by Number Answered
Your Score History
You have not taken this quiz since the last reset